MARC
| LEADER | 00000nam a2200000Ia 4500 | ||
|---|---|---|---|
| 008 | 170316s9999 xx 000 0 und d | ||
| 040 | |a cru BVZT | ||
| 090 | |a R-413 D-2p MITO | ||
| 100 | |a Daudí, León | ||
| 245 | |a Prontuario de la mitología griega | ||
| 260 | |a Madrid, España | ||
| 260 | |b Zeus | ||
| 260 | |c 1965 | ||
| 300 | |a 431 páginas | ||
| 500 | |a Prontuario | ||
| 650 | 0 | |a REFERENCIA |9 27 | |
| 650 | 0 | |a MITOLOGÍA |9 150 | |
| 650 | 0 | |a DICCIONARIO |9 28 | |
| 942 | |2 z |c REF | ||
| 999 | |c 30108 |d 30108 | ||
